| 000 | 00754nam0a22002291 4500 | ||
|---|---|---|---|
| 001 | rc\1096078 | ||
| 005 | 20250622144304.0 | ||
| 035 | _a(NLR Aleph) 006342269 | ||
| 090 |
_a4713241 _c4713241 |
||
| 100 | _a20041126d1983 |||y0rusy50 ca | ||
| 101 | 0 | _arus | |
| 102 | _aRU | ||
| 105 | _aa ||||||||| | ||
| 200 | 1 |
_aЛедокол спешит на помощь _eРассказ _e[Для ст. дошк. возраста] _fС. Сахарнов _g[Рис. В. Освера] |
|
| 210 |
_aМ. _cДет. лит. _d1983 |
||
| 215 |
_a26, [6] с. _cил. _d25 |
||
| 700 | 1 |
_aСахарнов _bС.В. _f1923- _gСвятослав Владимирович |
|
| 801 | 0 |
_aRU _bNLR _gpsbo |
|
| 801 | 1 |
_aRU _bELAR _2rusmarc |
|
| 852 |
_aNLR _j84-7/490 |
||
| 942 | _cBOOK | ||
| 980 | _aNB | ||